Statistics for 海南省下辖县级行政区地图 County-level administrative divisions of Hainan

Click here to take the quiz!

General Stats

  • This quiz has been taken 106 times
  • The average score is 21 of 26

Answers on the Map

Answers color-coded by a green-red scale on the quiz's map according to % correct below.
 

Answer Stats

县级类地名% Correct
自治县琼中黎族苗族自治县
97%
县级市东方市
97%
不统计儋州市
97%
县级市五指山市
95%
自治县陵水黎族自治县
90%
县级市文昌市
90%
县级市琼海市
89%
县级市万宁市
89%
市辖区西沙区
85%
临高县
84%
市辖区南沙区
84%
自治县白沙黎族自治县
84%
澄迈县
82%
自治县昌江黎族自治县
82%
自治县保亭黎族苗族自治县
82%
自治县乐东黎族自治县
81%
市辖区美兰区
81%
屯昌县
77%
定安县
74%
市辖区崖州区
74%
市辖区天涯区
71%
市辖区秀英区
63%
市辖区琼山区
61%
市辖区吉阳区
61%
市辖区龙华区
56%
市辖区海棠区
55%

Score Distribution

Percentile by Number Answered

Percent of People with Each Score

Your Score History

You have not taken this quiz